000 00473nam a2200169Ia 4500
008 131103s9999 xx 000 0 und d
040 _aLoreto College
041 _aEnglish
082 _a822.33(ID)/R
_b#NAME?
245 _aKing Richard II
260 _aCambridge
_bCambridge University Press
_c1968
300 _axcii,249p.
_c 21cm.
504 _aIncludes notes and glossary
650 _aEnglish drama - criticism
850 _aLCLIB/822.33(ID)/R - II
942 _cBK
999 _c21916
_d72395